[Event "Int. Stuttgarter Stadtmeisterschaft B"]
[Site "Ditzingen"]
[Date "2014.05.31"]
[Round "6.31"]
[White "Tsybulevsky, Juri"]
[Black "Ellinger, Harald"]
[Result "0-1"]
[WhiteElo "1676"]
[BlackElo "1854"]
[PlyCount "60"]
[EventDate "2014.??.??"]
[WhiteTeam "Stuttgarter SF 1879"]
[BlackTeam "SK e4 Gerlingen"]

1. d4 d5 2. c4 e6 3. Nf3 Nf6 4. Nc3 c6 5. e3 Bd6 6. a3 Nbd7 7. Bd3 O-O 8. O-O
e5 9. dxe5 Nxe5 10. Nxe5 Bxe5 11. f4 Bxc3 12. bxc3 Bg4 13. Qc2 dxc4 14. Bxc4
Qe7 15. a4 Rfe8 16. Re1 Ne4 17. Ba3 Qh4 18. Bd3 Bf5 19. Bxe4 Bxe4 20. Qf2 Qf6
21. Bb2 Rad8 22. Rad1 Qg6 23. Qg3 Qxg3 24. hxg3 Bc2 25. Rxd8 Rxd8 26. a5 f5 27.
Re2 Be4 28. c4 Rd1+ 29. Kf2 Bd3 30. Re1 Rd2+ 0-1

[Event "Int. Stuttgarter Stadtmeisterschaft B"]
[Site "Ditzingen"]
[Date "2014.05.31"]
[Round "6.32"]
[White "Walter, Stefan"]
[Black "Pudmensky, Stefan"]
[Result "0-1"]
[WhiteElo "1599"]
[BlackElo "1829"]
[PlyCount "96"]
[EventDate "2014.??.??"]
[WhiteTeam "DJK Stuttgart-Süd"]
[BlackTeam "SF Oeffingen e.V."]

1. d4 Nf6 2. c4 e6 3. Nc3 b6 4. e4 d6 5. Nf3 Bb7 6. Bd3 Nbd7 7. Bf4 Nh5 8. Be3
Nhf6 9. O-O e5 10. d5 Ng4 11. Bd2 g6 12. h3 Ngf6 13. b4 Bg7 14. Bg5 h6 15. Bd2
g5 16. Ne1 c5 17. Nb5 Bf8 18. a3 a6 19. Nc3 cxb4 20. axb4 Be7 21. Be3 Qc7 22.
Qb3 g4 23. Be2 gxh3 24. gxh3 Ng8 25. Kh2 Bg5 26. Rg1 Bxe3 27. fxe3 Ngf6 28. Nf3
a5 29. Nb5 Qb8 30. Nd2 axb4 31. Qxb4 Nc5 32. Bf3 Ke7 33. Nc3 Qc7 34. Nb5 Qd8
35. Nc3 Ra5 36. Rxa5 bxa5 37. Qa3 Bc8 38. Ra1 Qd7 39. Bg2 Rg8 40. Bf1 Ng4+ 41.
Kg1 Nxe3+ 42. Kf2 Nc2 43. Qxa5 Nxa1 44. Qxa1 f5 45. Qe1 fxe4 46. Ndxe4 Qf5+ 47.
Ke3 Qf4+ 48. Ke2 Nxe4 0-1

[Event "Int. Stuttgarter Stadtmeisterschaft B"]
[Site "Ditzingen"]
[Date "2014.05.31"]
[Round "6.33"]
[White "Gottwald, Helmut"]
[Black "Zimmermann, Tobias"]
[Result "0-1"]
[WhiteElo "1597"]
[BlackElo "1768"]
[PlyCount "84"]
[EventDate "2014.??.??"]
[WhiteTeam "SV Dicker Turm Esslingen"]
[BlackTeam "SC Schachmatt Botnang"]

1. d4 d5 2. Nf3 Nf6 3. Nc3 e6 4. Bg5 Be7 5. e3 Nbd7 6. Bd3 O-O 7. O-O b6 8. e4
dxe4 9. Nxe4 Bb7 10. Nxf6+ Bxf6 11. Bxf6 Qxf6 12. Be2 Rad8 13. Qc1 Bxf3 14.
Bxf3 Qxd4 15. Rd1 Qf6 16. c3 Ne5 17. Be2 c5 18. Qc2 Rxd1+ 19. Rxd1 Rd8 20. Bd3
g6 21. Qe2 Qf4 22. Bc2 Rxd1+ 23. Bxd1 Qc1 24. Qc2 Qxc2 25. Bxc2 f5 26. b4 g5
27. h3 h6 28. Kf1 Kf7 29. Ke2 cxb4 30. cxb4 Nc6 31. a3 Nd4+ 32. Kd3 Nxc2 33.
Kxc2 Ke7 34. Kd3 b5 35. g3 Kd6 36. Ke3 e5 37. f4 exf4+ 38. gxf4 Kd5 39. fxg5
hxg5 40. Kf3 Kd4 41. h4 gxh4 42. Kg2 Ke3 0-1

[Event "Int. Stuttgarter Stadtmeisterschaft B"]
[Site "Ditzingen"]
[Date "2014.05.31"]
[Round "6.34"]
[White "Lehnhardt, Julian"]
[Black "Mayer, Dietmar"]
[Result "1-0"]
[WhiteElo "1593"]
[BlackElo "1758"]
[PlyCount "71"]
[EventDate "2014.??.??"]
[WhiteTeam "SV Weil der Stadt"]
[BlackTeam "SC Böblingen 1975 e.V."]

1. e4 d5 2. exd5 Nf6 3. Nf3 Nxd5 4. d4 Bf5 5. Bd3 Bxd3 6. Qxd3 e6 7. a3 Nd7 8.
c4 N5f6 9. Nc3 Be7 10. O-O O-O 11. Bf4 c6 12. b4 a5 13. c5 b6 14. Rfd1 axb4 15.
axb4 Rxa1 16. Rxa1 bxc5 17. dxc5 Nd5 18. Nxd5 exd5 19. Qa6 Bf6 20. Ra2 Qc8 21.
Kf1 Bc3 22. Bd6 Qxa6+ 23. Rxa6 Rc8 24. Ra7 Nf6 25. Ne5 Re8 26. f4 Bxe5 27. fxe5
Ng4 28. h3 Ne3+ 29. Kf2 Nc2 30. Rb7 h6 31. Ke2 f6 32. Kd2 Nxb4 33. exf6 Re4 34.
f7+ Kh7 35. f8=Q Rd4+ 36. Kc3 1-0

[Event "Int. Stuttgarter Stadtmeisterschaft B"]
[Site "Ditzingen"]
[Date "2014.05.31"]
[Round "6.35"]
[White "Triantafillidis, Zoe"]
[Black "Bausch, Raimund"]
[Result "1/2-1/2"]
[WhiteElo "1721"]
[BlackElo "1608"]
[PlyCount "45"]
[EventDate "2014.??.??"]
[WhiteTeam "SF HN-Biberach 1978 e.V."]
[BlackTeam "Stuttgarter SF 1879"]

1. e4 c6 2. d4 d5 3. Nc3 dxe4 4. Nxe4 Bf5 5. Ng3 Bg6 6. Nf3 Nd7 7. Bd3 Bxd3 8.
Qxd3 Ngf6 9. O-O e6 10. Rd1 Qc7 11. c4 Be7 12. b3 O-O 13. Bb2 h6 14. Rac1 Rad8
15. Qc3 Nb6 16. Ne5 c5 17. dxc5 Bxc5 18. Ng4 Bd4 19. Nxf6+ Bxf6 20. Qc2 Bxb2
21. Qxb2 Nd7 22. Nh5 e5 23. Rc3 1/2-1/2

[Event "Int. Stuttgarter Stadtmeisterschaft B"]
[Site "Ditzingen"]
[Date "2014.05.31"]
[Round "6.36"]
[White "Koeller, Horst"]
[Black "Thakkar, Amish"]
[Result "0-1"]
[WhiteElo "1718"]
[BlackElo "1585"]
[PlyCount "122"]
[EventDate "2014.??.??"]
[BlackTeam "Rochade Metzingen e.V."]

1. d4 Nf6 2. e3 g6 3. Be2 Bg7 4. h4 d6 5. h5 Nxh5 6. Bxh5 gxh5 7. Rxh5 Nd7 8.
Nc3 Nf6 9. Rh1 Rg8 10. Nge2 Bf5 11. b3 Qd7 12. Bb2 O-O-O 13. Qd2 e6 14. O-O-O
Bh8 15. Rdg1 Qc6 16. f3 d5 17. g4 Bg6 18. Nf4 Bg7 19. g5 Ne8 20. Nxg6 hxg6 21.
f4 Nd6 22. Rh7 Nf5 23. Qf2 Rh8 24. Rgh1 Rxh7 25. Rxh7 Rh8 26. Rxh8+ Bxh8 27.
Kb1 Bg7 28. Nd1 Qe8 29. Qh2 Qh8 30. Qxh8+ Bxh8 31. Ba3 Kd7 32. Kc1 Kc6 33. Kd2
b5 34. Bc5 a6 35. b4 Ng3 36. Nf2 Ne4+ 37. Nxe4 dxe4 38. Bf8 Kd5 39. Kc3 f6 40.
Be7 fxg5 41. fxg5 e5 42. dxe5 Bxe5+ 43. Kb3 Bg3 44. a4 c6 45. axb5 axb5 46. Kc3
Be5+ 47. Kb3 Ke6 48. Bf8 Bg3 49. Kc3 Kd5 50. Be7 Be1+ 51. Kb3 Ke6 52. Bf6 Kf5
53. c4 Bd2 54. cxb5 cxb5 55. Be7 Bxe3 56. Kc3 Bxg5 57. Bd6 Bf6+ 58. Kd2 Bd4 59.
Bc5 Bxc5 60. Ke2 Bxb4 61. Kf1 Kf4 0-1

[Event "Int. Stuttgarter Stadtmeisterschaft B"]
[Site "Ditzingen"]
[Date "2014.05.31"]
[Round "6.37"]
[White "Gheng, Hannelore"]
[Black "Dallinger, Moritz"]
[Result "0-1"]
[WhiteElo "1691"]
[BlackElo "1544"]
[PlyCount "64"]
[EventDate "2014.??.??"]
[WhiteTeam "SF Deizisau"]
[BlackTeam "SV Stuttgart-Wolfbusch 1956 e.V."]

1. e4 c5 2. Nf3 a6 3. d4 cxd4 4. Nxd4 Nf6 5. Nc3 e5 6. Nb3 Bb4 7. Bd3 d5 8. Bd2
Bxc3 9. Bxc3 dxe4 10. Bc4 Qxd1+ 11. Rxd1 Nc6 12. Nc5 O-O 13. O-O b6 14. Nb3 Bb7
15. Rfe1 Rad8 16. Rd2 Rxd2 17. Nxd2 b5 18. Bb3 b4 19. Bxb4 Nxb4 20. a3 Nc6 21.
Nxe4 Nxe4 22. Rxe4 Rd8 23. f3 Kf8 24. Kf2 f6 25. Rh4 h6 26. Ke3 Nd4 27. g4 Nxf3
28. Rh3 Nd4 29. Ba4 Bc6 30. Bxc6 Nxc6 31. c3 Na5 32. Ke4 Nc4 0-1

[Event "Int. Stuttgarter Stadtmeisterschaft B"]
[Site "Ditzingen"]
[Date "2014.05.31"]
[Round "6.39"]
[White "Kovac, Marijo"]
[Black "Helmich, Jörg"]
[Result "0-1"]
[WhiteElo "1549"]
[BlackElo "1749"]
[PlyCount "120"]
[EventDate "2014.??.??"]
[WhiteTeam "SC Schachmatt Botnang"]
[BlackTeam "Regensb. Turnerschaft"]

1. d4 Nf6 2. c4 g6 3. Nc3 d5 4. cxd5 Nxd5 5. e4 Nxc3 6. bxc3 Bg7 7. Bc4 c5 8.
Ne2 Nc6 9. Be3 O-O 10. O-O cxd4 11. cxd4 Bg4 12. f3 Bd7 13. Rb1 Na5 14. Bd3 Rc8
15. Qd2 b6 16. Rfc1 Rxc1+ 17. Rxc1 Qb8 18. Ba6 Bc8 19. Bb5 a6 20. Bd3 Bb7 21.
Qb4 Qd6 22. Qxd6 exd6 23. d5 b5 24. Bd2 Nc4 25. Bxc4 bxc4 26. Rxc4 Rc8 27.
Rxc8+ Bxc8 28. Bb4 Bf8 29. Bc3 f5 30. Kf2 fxe4 31. fxe4 Bb7 32. Kf3 Bh6 33. Bb4
Bf8 34. Nd4 Bg7 35. Ne6 Be5 36. g3 Bc8 37. Nf4 Kf7 38. Nd3 Kf6 39. Bd2 g5 40.
Nxe5 dxe5 41. Ke3 g4 42. Kd3 Bd7 43. Kc4 Bb5+ 44. Kc5 Bd3 45. d6 Ke6 46. Kc6
Bb5+ 47. Kc7 h5 48. Bc3 Ba4 49. Bxe5 Kxe5 50. d7 Bxd7 51. Kxd7 Kxe4 52. Kc6 Kf3
53. Kb6 Kg2 54. Kxa6 Kxh2 55. a4 Kxg3 56. a5 h4 57. Kb6 h3 58. a6 h2 59. a7
h1=Q 60. Kc7 Qa8 0-1

[Event "Int. Stuttgarter Stadtmeisterschaft B"]
[Site "Ditzingen"]
[Date "2014.05.31"]
[Round "6.40"]
[White "Boschmann, Werner"]
[Black "Hartmann, Christian"]
[Result "0-1"]
[WhiteElo "1550"]
[BlackElo "1650"]
[PlyCount "82"]
[EventDate "2014.??.??"]
[WhiteTeam "SC Widdern"]
[BlackTeam "SC Tarrasch 45 München"]

1. e4 e5 2. Nf3 Nc6 3. d4 exd4 4. Nxd4 Nf6 5. Nxc6 bxc6 6. Bd3 d5 7. e5 Nd7 8.
O-O Nc5 9. Be2 Be7 10. Be3 O-O 11. Nc3 Ne6 12. Bd2 f6 13. exf6 Bxf6 14. Rb1 Rb8
15. Bd3 Qe8 16. b3 Qf7 17. Ne2 Be5 18. Ng3 Nf4 19. Be3 Nxd3 20. Qxd3 d4 21. f4
Bf6 22. Bd2 c5 23. Ne4 Qd5 24. Nxf6+ Rxf6 25. Rbe1 Bf5 26. Re5 Bxd3 27. Rxd5
Bxf1 28. Kxf1 Rc6 29. g4 Re8 30. Kf2 Rce6 31. Ba5 Re2+ 32. Kg3 R8e3+ 33. Kh4
Rxh2+ 34. Kg5 h6+ 35. Kg6 Re6+ 36. Kf5 Rf6+ 37. Ke4 Re2+ 38. Kd3 Re3+ 39. Kc4
Rxf4 40. Bxc7 Rc3+ 41. Kb5 Rxg4 0-1

[Event "Int. Stuttgarter Stadtmeisterschaft B"]
[Site "Ditzingen"]
[Date "2014.05.31"]
[Round "6.42"]
[White "Malitte, Matthias"]
[Black "Handel, Oliver"]
[Result "0-1"]
[WhiteElo "1425"]
[BlackElo "1597"]
[PlyCount "56"]
[EventDate "2014.??.??"]
[WhiteTeam "SV Leonberg 1978 eV"]
[BlackTeam "SF 59 Kornwestheim"]

1. d4 Nf6 2. Nf3 g6 3. e3 Bg7 4. Bd3 c5 5. b3 cxd4 6. exd4 Nc6 7. a3 d5 8. Bb2
O-O 9. O-O Qc7 10. Nbd2 Nd7 11. Re1 Re8 12. c4 Nf6 13. Qc2 e6 14. Re2 Bd7 15.
Rae1 Rac8 16. Ne5 Kf8 17. Ndf3 Nxe5 18. Nxe5 Bc6 19. c5 Nd7 20. Nxd7+ Bxd7 21.
Re3 Kg8 22. h4 Qf4 23. h5 Bxd4 24. hxg6 f5 25. gxh7+ Kxh7 26. Rh3+ Kg6 27. Qe2
Rh8 28. Rg3+ Qxg3 0-1

[Event "Int. Stuttgarter Stadtmeisterschaft B"]
[Site "Ditzingen"]
[Date "2014.05.31"]
[Round "6.43"]
[White "Blum, Michael"]
[Black "Albert, Rafael Edwin"]
[Result "1/2-1/2"]
[WhiteElo "1594"]
[BlackElo "1306"]
[PlyCount "36"]
[EventDate "2014.??.??"]
[WhiteTeam "SC Aidlingen"]
[BlackTeam "SF 59 Kornwestheim"]

1. e4 e5 2. Nf3 Nc6 3. Bb5 a6 4. Ba4 Nf6 5. O-O d6 6. Re1 Bg4 7. c3 Be7 8. d3
O-O 9. Nbd2 Nd7 10. Nf1 Nb6 11. Bb3 d5 12. Ng3 h6 13. h3 Be6 14. Be3 dxe4 15.
Nxe4 Bf5 16. Qe2 Nd5 17. Bc5 Nf4 18. Qc2 Qxd3 1/2-1/2

[Event "Int. Stuttgarter Stadtmeisterschaft B"]
[Site "Ditzingen"]
[Date "2014.05.31"]
[Round "6.44"]
[White "Kreiner, Bernhard"]
[Black "Wurm, Frank"]
[Result "1-0"]
[WhiteElo "1409"]
[BlackElo "1593"]
[PlyCount "71"]
[EventDate "2014.??.??"]
[WhiteTeam "SC Neckarsulm e.V."]
[BlackTeam "SF Simmersfeld"]

1. d4 e6 2. c4 c5 3. Nf3 cxd4 4. Nxd4 Bc5 5. Nc3 a6 6. e3 Nf6 7. Be2 O-O 8. O-O
Qe7 9. a3 Rd8 10. Nb3 Ba7 11. Bf3 Nc6 12. Qc2 Bb8 13. g3 Ne5 14. Be2 h5 15. f4
Neg4 16. h3 Nh6 17. Ne4 Nxe4 18. Qxe4 f5 19. Qg2 g6 20. Nd4 Ba7 21. b4 Rb8 22.
Bb2 b6 23. Bf3 Nf7 24. g4 hxg4 25. hxg4 Kf8 26. gxf5 gxf5 27. Nxe6+ Qxe6 28.
Qg7+ Ke7 29. Bd5 Qxe3+ 30. Rf2 Rf8 31. Bf6+ Ke8 32. Kf1 Qh3+ 33. Bg2 Qe3 34.
Re1 Qe6 35. Bd5 Qxe1+ 36. Kxe1 1-0

[Event "Int. Stuttgarter Stadtmeisterschaft B"]
[Site "Ditzingen"]
[Date "2014.05.31"]
[Round "6.45"]
[White "Steinhart, Matthias"]
[Black "Merk, Daniel"]
[Result "1/2-1/2"]
[WhiteElo "1779"]
[BlackElo "1677"]
[PlyCount "109"]
[EventDate "2014.??.??"]
[WhiteTeam "SF Freiberg"]
[BlackTeam "Schach-Pinguine Murrhardt e.V."]

1. e4 c6 2. d4 d5 3. e5 Bf5 4. Nc3 e6 5. g4 Bg6 6. Nge2 h6 7. h4 c5 8. Be3 Nc6
9. f4 Qd7 10. dxc5 O-O-O 11. Nd4 Bxc5 12. Nxc6 Qxc6 13. Bxc5 Qxc5 14. Qd2 a6
15. Bd3 Bxd3 16. cxd3 Kb8 17. Qf2 Qc7 18. O-O Ne7 19. Ne2 Nc6 20. Rac1 Qe7 21.
a3 g5 22. fxg5 hxg5 23. h5 Nxe5 24. Qg3 Qd6 25. d4 Nc4 26. Rxf7 Qxg3+ 27. Nxg3
Rhf8 28. Rcf1 Rxf7 29. Rxf7 Nxb2 30. Rg7 Nc4 31. h6 Rh8 32. h7 Ka7 33. Nh5 Nd6
34. Nf6 Ne4 35. Rg8 Nxf6 36. Rxh8 Kb6 37. Re8 Nxh7 38. Rxe6+ Kb5 39. Rh6 Nf8
40. Rf6 Nd7 41. Rf5 Kc4 42. Rxg5 Kxd4 43. Rg7 Ne5 44. Rxb7 a5 45. Rg7 Kc3 46.
g5 d4 47. g6 d3 48. Rc7+ Kd4 49. Rc8 Nxg6 50. Ra8 d2 51. Rd8+ Kc3 52. Rc8+ Kb3
53. Rd8 Ne5 54. Kf1 Nc4 55. Ke2 1/2-1/2

[Event "Int. Stuttgarter Stadtmeisterschaft B"]
[Site "Ditzingen"]
[Date "2014.05.31"]
[Round "6.46"]
[White "Jüttner, Maik"]
[Black "Raabe, Stephan"]
[Result "1-0"]
[WhiteElo "1505"]
[BlackElo "1575"]
[PlyCount "37"]
[EventDate "2014.??.??"]
[WhiteTeam "SpVgg Rommelshausen"]
[BlackTeam "SF Freiberg"]

1. d4 Nf6 2. Nf3 d5 3. e3 e6 4. Bd3 c5 5. c3 Nc6 6. O-O cxd4 7. exd4 Bd6 8. Re1
Qc7 9. Nbd2 O-O 10. Nf1 h6 11. Ng3 Bd7 12. Bd2 Rae8 13. Qc1 Ng4 14. h3 Nxf2 15.
Bxh6 Nxd3 16. Qg5 g6 17. Qf6 Be5 18. dxe5 Qb6+ 19. Nd4 1-0

[Event "Int. Stuttgarter Stadtmeisterschaft B"]
[Site "Ditzingen"]
[Date "2014.05.31"]
[Round "6.47"]
[White "Weisensel, Wolfgang"]
[Black "Kalwei, Reinhard"]
[Result "1-0"]
[WhiteElo "1685"]
[BlackElo "1489"]
[PlyCount "31"]
[EventDate "2014.??.??"]
[WhiteTeam "Stuttgarter SF 1879"]
[BlackTeam "SC Aidlingen"]

1. Nf3 Nc6 2. d4 d5 3. Bf4 e6 4. a3 Bd6 5. Bxd6 Qxd6 6. e3 Nf6 7. Nbd2 O-O 8.
c4 dxc4 9. Nxc4 Qe7 10. Be2 b6 11. Rc1 Bb7 12. O-O Rad8 13. Qc2 Rd7 14. Nce5
Rd6 15. Bb5 Nxe5 16. dxe5 1-0

[Event "Int. Stuttgarter Stadtmeisterschaft B"]
[Site "Ditzingen"]
[Date "2014.05.31"]
[Round "6.48"]
[White "Sigmund, Wolfgang"]
[Black "Wraga, Hermann"]
[Result "1/2-1/2"]
[WhiteElo "1520"]
[BlackElo "1609"]
[PlyCount "67"]
[EventDate "2014.??.??"]
[WhiteTeam "SC Eberbach"]
[BlackTeam "SG Osnabrück"]

1. d4 Nf6 2. Nf3 g6 3. Bf4 d6 4. c4 Bg7 5. Nc3 O-O 6. e3 Bg4 7. h3 Bxf3 8. Qxf3
c6 9. Rd1 Nbd7 10. Be2 a6 11. O-O Qc7 12. c5 Ne8 13. cxd6 exd6 14. Ne4 f5 15.
Ng5 Rf6 16. Bc4+ Kh8 17. Nf7+ Rxf7 18. Bxf7 Ndf6 19. Bxe8 Rxe8 20. Qe2 Qe7 21.
Qc4 d5 22. Qb3 Qd7 23. Qb6 Re7 24. Bg5 Rf7 25. Bxf6 Bxf6 26. Rd3 Bd8 27. Qa7
Kg7 28. Rb3 Bc7 29. Kh1 Bd6 30. Rd1 f4 31. f3 fxe3 32. Rxe3 Qf5 33. Rde1 Qf4
34. Re5 1/2-1/2

[Event "Int. Stuttgarter Stadtmeisterschaft B"]
[Site "Ditzingen"]
[Date "2014.05.31"]
[Round "6.49"]
[White "Petitto, Francesco"]
[Black "Giugno, Carmelo"]
[Result "1-0"]
[WhiteElo "1647"]
[BlackElo "1447"]
[PlyCount "71"]
[EventDate "2014.??.??"]
[WhiteTeam "SK Sontheim/Brenz e.V."]
[BlackTeam "Stuttgarter SF 1879"]

1. e4 e5 2. Nf3 Nc6 3. Bb5 d6 4. d4 exd4 5. Nxd4 Bd7 6. Nxc6 bxc6 7. Bc4 Nf6 8.
Bg5 Be7 9. O-O O-O 10. Nc3 Rb8 11. b3 h6 12. Bh4 Bg4 13. f3 Be6 14. Bxe6 fxe6
15. Ne2 e5 16. c4 Qe8 17. Ng3 g5 18. Qd2 Qg6 19. Nf5 Rbe8 20. Bf2 Nh5 21. Qa5
g4 22. Kh1 g3 23. hxg3 Bd8 24. Qxa7 Nf6 25. Rad1 Rf7 26. Be3 Rh7 27. Qa8 h5 28.
Qxc6 Rf8 29. a4 Kh8 30. a5 Ng4 31. fxg4 hxg4+ 32. Kg1 Qh5 33. a6 Rf6 34. a7
Qh2+ 35. Kf2 d5 36. Qe8+ 1-0

[Event "Int. Stuttgarter Stadtmeisterschaft B"]
[Site "Ditzingen"]
[Date "2014.05.31"]
[Round "6.50"]
[White "Bauer, Frank"]
[Black "Wraga, Teresa"]
[Result "1-0"]
[WhiteElo "1350"]
[BlackElo "1622"]
[PlyCount "101"]
[EventDate "2014.??.??"]
[WhiteTeam "SC Feuerbach e. V."]
[BlackTeam "SG Osnabrück"]

1. d4 Nf6 2. c4 c5 3. d5 b5 4. cxb5 a6 5. Nc3 axb5 6. e4 d6 7. Bxb5+ Bd7 8.
Bxd7+ Nbxd7 9. Nf3 g6 10. O-O Bg7 11. Qc2 O-O 12. a4 Qb6 13. Rb1 Rfb8 14. b3
Qd8 15. h3 Ne8 16. Nb5 Nc7 17. Nxc7 Qxc7 18. Bb2 Bxb2 19. Rxb2 Qa5 20. Nd2 Qb4
21. Rfb1 Qd4 22. Qc4 Rb4 23. Qxd4 Rxd4 24. f3 Ne5 25. Rc2 Nd3 26. Rc4 Rxc4 27.
Nxc4 Rb8 28. Kf1 Nf4 29. Kf2 Nd3+ 30. Ke3 Nb4 31. Rb2 Rd8 32. Rd2 Rb8 33. Rb2
Rd8 34. Kd2 e6 35. dxe6 fxe6 36. Kc3 d5 37. Rd2 d4+ 38. Kb2 Kf7 39. Nb6 Kf6 40.
f4 e5 41. g3 exf4 42. gxf4 Ke6 43. Nc4 d3 44. Kc3 Rd4 45. Nb2 Rxe4 46. Nxd3
Nxd3 47. Rxd3 Rxf4 48. a5 Rf1 49. Kc4 Rf8 50. Kxc5 Rb8 51. a6 1-0

[Event "Int. Stuttgarter Stadtmeisterschaft B"]
[Site "Ditzingen"]
[Date "2014.05.31"]
[Round "6.51"]
[White "Pocrnic, Josip"]
[Black "Pibernik, Dario"]
[Result "1-0"]
[WhiteElo "1805"]
[BlackElo "1609"]
[PlyCount "41"]
[EventDate "2014.??.??"]
[WhiteTeam "SF 1954 Conweiler e.V."]
[BlackTeam "SV Schorndorf"]

1. e4 e5 2. Nf3 Nc6 3. Bc4 Nf6 4. d3 Be7 5. Nc3 O-O 6. Bg5 d6 7. Qd2 Bg4 8. h3
Bxf3 9. gxf3 Nd4 10. Qd1 Ne6 11. Be3 Nh5 12. Qd2 Nef4 13. O-O-O a6 14. Kb1 b5
15. Bb3 a5 16. a4 bxa4 17. Bxa4 Rb8 18. Ne2 Bg5 19. Ng3 Nf6 20. h4 Bh6 21. Nf5
{Rest unleserlich} 1-0

[Event "Int. Stuttgarter Stadtmeisterschaft B"]
[Site "Ditzingen"]
[Date "2014.05.31"]
[Round "7.1"]
[White "Jantos, Stefan"]
[Black "Shahisavandi, Abdollah"]
[Result "1-0"]
[WhiteElo "1840"]
[BlackElo "1849"]
[PlyCount "51"]
[EventDate "2014.??.??"]
[WhiteTeam "SF Oeffingen e.V."]
[BlackTeam "Karlsruher SF 1853"]

1. e4 c5 2. Nc3 Nc6 3. f4 e5 4. Nf3 d6 5. Bc4 Be7 6. O-O Nf6 7. d3 O-O 8. f5
Na5 9. Bd5 Bd7 10. h3 Rc8 11. g4 h6 12. Kh2 b5 13. Rg1 Nxd5 14. Nxd5 f6 15. Nh4
Nc6 16. Ng6 Rf7 17. h4 Bf8 18. g5 Kh7 19. Qh5 Qe8 20. gxh6 gxh6 21. Nxf8+ Qxf8
22. Rg6 Kh8 23. Rxh6+ Qxh6 24. Qxh6+ Rh7 25. Qxf6+ Kg8 26. Bh6 1-0

[Event "Int. Stuttgarter Stadtmeisterschaft B"]
[Site "Ditzingen"]
[Date "2014.05.31"]
[Round "7.2"]
[White "Graf, Maximilian"]
[Black "Schömbs, Oliver"]
[Result "0-1"]
[WhiteElo "1796"]
[BlackElo "1864"]
[PlyCount "72"]
[EventDate "2014.??.??"]
[WhiteTeam "SK e4 Gerlingen"]
[BlackTeam "SC Ingersheim e.V."]

1. e4 d5 2. exd5 Qxd5 3. Nc3 Qd6 4. d4 Nf6 5. Nf3 c6 6. Ne5 Nbd7 7. f4 Nb6 8.
g4 Nbd5 9. Bg2 Be6 10. Na4 Nb6 11. Nc5 Bd5 12. Nxb7 Qc7 13. Bxd5 Nfxd5 14. Nc5
e6 15. c4 f6 16. cxd5 fxe5 17. Nxe6 Bb4+ 18. Bd2 Bxd2+ 19. Qxd2 Qd7 20. Qe2
exd4 21. dxc6 Qd6 22. O-O Kf7 23. f5 Rhe8 24. g5 Kg8 25. Qg4 Rac8 26. Qxd4 Rxe6
27. Qc3 Re2 28. Qh3 Qc5+ 29. Kh1 Qxc6+ 30. Kg1 Qc5+ 31. Kh1 Qd5+ 32. Qf3 Rcc2
33. Qxd5+ Nxd5 34. Rfd1 Rxh2+ 35. Kg1 Rcg2+ 36. Kf1 Ne3+ 0-1

[Event "Int. Stuttgarter Stadtmeisterschaft B"]
[Site "Ditzingen"]
[Date "2014.05.31"]
[Round "7.3"]
[White "Hamm, Julian"]
[Black "Mavropoulos, Georgios"]
[Result "1-0"]
[WhiteElo "1743"]
[BlackElo "1886"]
[PlyCount "53"]
[EventDate "2014.??.??"]
[WhiteTeam "Mönchfelder SV 1967"]
[BlackTeam "DJK Stuttgart-Süd"]

1. c4 c5 2. Nc3 Nf6 3. g3 Nc6 4. Bg2 e6 5. d3 Be7 6. Nf3 O-O 7. O-O a6 8. Rb1
Rb8 9. Bf4 d6 10. Ne1 Bd7 11. a4 e5 12. Bg5 Nb4 13. Bxf6 Bxf6 14. Nc2 Bc6 15.
Nxb4 Bxg2 16. Kxg2 cxb4 17. Nd5 b5 18. Nxb4 Qc8 19. Nd5 Bd8 20. axb5 axb5 21.
b3 Re8 22. e4 bxc4 23. dxc4 Re6 24. Qg4 h5 25. Qxh5 Rh6 26. Qf5 Qxf5 27. exf5
1-0

[Event "Int. Stuttgarter Stadtmeisterschaft B"]
[Site "Ditzingen"]
[Date "2014.05.31"]
[Round "7.4"]
[White "Weißenberger, Mario"]
[Black "Piskaykin, Bogdan"]
[Result "0-1"]
[WhiteElo "1673"]
[BlackElo "1672"]
[PlyCount "110"]
[EventDate "2014.??.??"]
[WhiteTeam "Ssg Fils-Lauter e. V."]
[BlackTeam "SV Friedrichshafen"]

1. e4 c5 2. b4 cxb4 3. a3 Nf6 4. e5 Nd5 5. axb4 Nxb4 6. Nf3 e6 7. Na3 d6 8. Bb2
d5 9. Nb5 N4c6 10. Ba3 Bxa3 11. Rxa3 O-O 12. Nd6 Nxe5 13. Nxc8 Nxf3+ 14. Qxf3
Qxc8 15. Bd3 g6 16. h4 f5 17. h5 g5 18. h6 Qe8 19. Rh5 Rf6 20. Rxg5+ Rg6 21.
Qe3 Nc6 22. Be2 Rxg5 23. Qxg5+ Qg6 24. Rg3 Qxg5 25. Rxg5+ Kh8 26. g4 Nd4 27.
Bd1 Rg8 28. Rxg8+ Kxg8 29. c3 Nc6 30. g5 a5 31. d4 b5 32. Kd2 Ne7 33. Bh5 f4
34. Be8 b4 35. Kc2 Kf8 36. Bd7 Kf7 37. Kb3 bxc3 38. Kxc3 Ng6 39. Kb3 Nf8 40.
Bb5 Kg6 41. Ka4 Kxg5 42. Kxa5 Kxh6 43. f3 Kg5 44. Kb4 h5 45. Kc5 Kh4 46. Be8
Nh7 47. Kd6 Nf6 48. Bf7 Kg3 49. Kxe6 h4 50. Kxf6 h3 51. Bxd5 h2 52. Be4 h1=Q
53. d5 Qh8+ 54. Ke7 Qg7+ 55. Ke8 Qc7 0-1

[Event "Int. Stuttgarter Stadtmeisterschaft B"]
[Site "Ditzingen"]
[Date "2014.05.31"]
[Round "7.5"]
[White "Schreiber, Stephan"]
[Black "Petzelberger, Ferdinand"]
[Result "1/2-1/2"]
[WhiteElo "1779"]
[BlackElo "1591"]
[PlyCount "43"]
[EventDate "2014.??.??"]
[WhiteTeam "SC Schachmatt Botnang"]
[BlackTeam "VfL Sindelfingen"]

1. d4 Nf6 2. Bf4 d5 3. e3 c5 4. c3 Qb6 5. Qb3 c4 6. Qxb6 axb6 7. Be2 Nc6 8. Nf3
Bf5 9. Nbd2 b5 10. Ne5 e6 11. Nxc6 bxc6 12. O-O b4 13. cxb4 Bxb4 14. Nf3 O-O
15. Ne5 Rfc8 16. g4 Bg6 17. h4 Bc2 18. Rfc1 Ba4 19. b3 cxb3 20. axb3 Bb5 21.
Rxa8 Rxa8 22. Bxb5 1/2-1/2

[Event "Int. Stuttgarter Stadtmeisterschaft B"]
[Site "Ditzingen"]
[Date "2014.05.31"]
[Round "7.6"]
[White "Atasoy, Tarik"]
[Black "Notz, Lukas"]
[Result "1/2-1/2"]
[WhiteElo "1700"]
[BlackElo "1743"]
[PlyCount "110"]
[EventDate "2014.??.??"]
[WhiteTeam "Schachverein Letmathe 1933 e.V."]
[BlackTeam "SV Dettingen Erms"]

1. e4 c6 2. Nf3 d5 3. Nc3 Bg4 4. h3 Bxf3 5. Qxf3 e6 6. d3 d4 7. Nb1 Be7 8. c3
Bg5 9. Nd2 Qf6 10. Qxf6 Bxf6 11. cxd4 Bxd4 12. Nf3 c5 13. Nxd4 cxd4 14. Bd2 Nc6
15. f4 f6 16. Rc1 Kd7 17. Be2 Nge7 18. Rc4 Rhc8 19. Kf2 b5 20. Rc5 a6 21. Bf3
Rab8 22. Rhc1 a5 23. g4 Nb4 24. Bxb4 axb4 25. Rxc8 Rxc8 26. Rxc8 Nxc8 27. Bd1
Nb6 28. b3 Kd6 29. Kf3 g6 30. Kg3 f5 31. e5+ Ke7 32. Bf3 Nd7 33. Bc6 Nc5 34.
Bxb5 Kf7 35. g5 Kg7 36. Kf3 Kf7 37. Ke2 Ke7 38. Kd2 Nd7 39. Kc2 Nb6 40. Bc6 Nc8
41. Kb2 Kd8 42. a3 Ne7 43. Bf3 Kc7 44. axb4 Kb6 45. Ka3 Kb5 46. h4 Nc8 47. h5
Ne7 48. h6 Nc8 49. Kb2 Kxb4 50. Bc6 Nb6 51. Be8 Nd5 52. Bxg6 Nxf4 53. Bxh7
Nxd3+ 54. Kc2 Nxe5 55. g6 Ng4 1/2-1/2

[Event "Int. Stuttgarter Stadtmeisterschaft B"]
[Site "Ditzingen"]
[Date "2014.05.31"]
[Round "7.7"]
[White "Rieder, Josef"]
[Black "Ziegler, Michael"]
[Result "1/2-1/2"]
[WhiteElo "1803"]
[BlackElo "1722"]
[PlyCount "64"]
[EventDate "2014.??.??"]
[WhiteTeam "Stuttgarter SF 1879"]
[BlackTeam "SF 59 Kornwestheim"]

1. e4 c5 2. Nf3 d6 3. d4 cxd4 4. Nxd4 Bd7 5. Bc4 Nf6 6. Nc3 a6 7. O-O g6 8. Kh1
Bg7 9. f3 O-O 10. Bg5 Nc6 11. Nxc6 Bxc6 12. Qd2 Rc8 13. Bb3 b5 14. Bh6 Rc7 15.
Bxg7 Kxg7 16. Rad1 Rd7 17. Nd5 e6 18. Nxf6 Qxf6 19. Qd4 Qxd4 20. Rxd4 e5 21.
Rd2 Rfd8 22. Rfd1 g5 23. Kg1 h5 24. Kf2 Kg6 25. Ke3 h4 26. c3 Kf6 27. g3 hxg3
28. hxg3 Ke7 29. Rh1 d5 30. exd5 Bxd5 31. Bxd5 Rxd5 32. Rxd5 Rxd5 1/2-1/2